| 000 | 00632cam a22001577a 4500 | ||
|---|---|---|---|
| 008 | 180718b2000 xxu||||| |||| 00| 0 eng d | ||
| 082 | _aZ2x54 J668 | ||
| 100 | _aIndia. Lok Sabha. Joint Committee on the Protection of Plant Varities and Farmers' Rights Bill | ||
| 245 |
_aJoint Committee on the Protection of Plant Varities and Farmers' Rights Bill, 1999: Report _cBy Lok Sabha Secretariat |
||
| 260 |
_aNew Delhi _bLok Sabha Secretariat _c2000 |
||
| 300 | _a124+p. | ||
| 500 | _aChairman: Sahib Singh Verma | ||
| 650 | _aPlant varities - India | ||
| 700 | _aVerma, Sahib Singh (Chairman) | ||
| 700 | _aIndia. Lok Sabha Secretariat | ||
| 999 |
_c491511 _d491511 |
||